000 00734nam a22002297a 4500
005 20170124105934.0
010 _aA-827647
020 _c00.00
_a0074623680
035 _aA-827647
037 _bCen Lib/Ret
040 _aDPL
_bEN
082 _a303.483
_bRAO
100 _aRao, U. R.
_99205
245 _aSpace technology for sustainable development /
_cby U R Rao
260 _aNew Delhi
_bTata McGraw-Hill
_c1996
270 _a4/21, Asaf Ali Road
_bNew Delhi
_e110002
300 _axiii,564p.
_c22cm(Hb)
500 _aIncludes bibliographical references and index
650 _aSustainable development
_97813
650 _aArtificial satellites in telecommunication
_99206
942 _2ddc
_cEN
_h303.483
_mRAO
999 _c124085
_d124085